000 00563cam a22002053a 4500
001 45883
003 PGUSA
005 20140828084053.0
008 140604s2014||||xxu|||||s|||||000 | eng d
040 _aPGUSA
_beng
042 _adc
100 1 _aBenson, James W.
245 1 0 _aTime and Time-Tellers
_h[electronic resource] /
_cJames W. Benson
260 _bProject Gutenberg,
_c2014
506 _aPublic domain in the USA.
516 _aElectronic text
830 0 _aProject Gutenberg
_v45883
856 4 0 _uhttp://www.gutenberg.org/ebooks/45883
942 _cEB
999 _c275133
_d275133